[Event "East Detroit (MCO/4/22)"]
[Site "?"]
[Date "1985.??.??"]
[Round "?"]
[White "Gould, J.."]
[Black "Bates, T.."]
[Result "0-1"]
[WhiteElo "1910"]
[BlackElo "1625"]
[PlyCount "102"]
[EventDate "1985.??.??"]

{4/(22)} 1. e4 e5 2. Nf3 Nc6 3. Bc4 Bc5 4. c3 Nf6 5. d4 exd4 6. cxd4 Bb4+ 7.
Nc3 Nxe4 8. O-O Bxc3 9. d5 Bf6 10. Re1 Ne7 11. Rxe4 d6 12. Bg5 Bxg5 13. Nxg5
O-O 14. Rh4 Ng6 15. Rh5 h6 16. Nh3 Ne5 17. Be2 Qf6 18. Rc1 c6 19. dxc6 Nxc6 20.
Bg4 Qxb2 21. Bxc8 Raxc8 22. g3 Nd4 23. Rxc8 Rxc8 24. Qg4 Qc1+ 25. Kg2 Qc6+ 26.
f3 Qc2+ 27. Nf2 g6 28. Rd5 Nf5 29. Qf4 Rc4 30. Qd2 Qxd2 31. Rxd2 Ne3+ 32. Kh3
d5 33. f4 f5 34. Re2 d4 35. Nd3 Rc2 36. Rxc2 Nxc2 37. Kg2 Kf7 38. Ne5+ Kf6 39.
Kf2 g5 40. Ke2 gxf4 41. gxf4 Nb4 42. a3 Nc6 43. Nd7+ Ke6 44. Nc5+ Kd5 45. Nxb7
Ke4 46. Nc5+ Kxf4 47. Kd3 Kf3 48. Nb3 Kg2 49. Nxd4 Nxd4 50. Kxd4 f4 51. h4 f3
0-1

[Event "East Detroit (MCO/6/40)"]
[Site "?"]
[Date "1985.??.??"]
[Round "?"]
[White "Golonka, Stan"]
[Black "Nelson, M.."]
[Result "0-1"]
[WhiteElo "1650"]
[BlackElo "1605"]
[PlyCount "96"]
[EventDate "1985.??.??"]

{6/(40)} 1. c4 e5 2. Nc3 d6 3. g3 c5 4. Bg2 Nf6 5. e3 Be7 6. Nge2 O-O 7. O-O
Nc6 8. d4 exd4 9. exd4 Bd7 10. b3 Re8 11. Bb2 Rc8 12. d5 Ne5 13. f4 Neg4 14.
Qd2 Bf8 15. Rae1 Ne3 16. Rf2 Nxg2 17. Kxg2 Ng4 18. Rf3 Nf6 19. h3 a6 20. Nd1
Bf5 21. Nf2 Ne4 22. Qc1 Nxf2 23. Rxf2 Qd7 24. Ng1 Rxe1 25. Qxe1 Re8 26. Re2
Rxe2+ 27. Qxe2 Bg6 28. g4 h6 29. f5 Bh7 30. Nf3 g6 31. f6 g5 32. Kg3 b5 33.
cxb5 axb5 34. a3 Qb7 35. Qd2 Be4 36. h4 Qxd5 37. Qxd5 Bxd5 38. b4 Bxf3 39. Kxf3
gxh4 40. bxc5 dxc5 41. Kg2 c4 42. Kh3 c3 43. Bxc3 Bxa3 44. Kxh4 b4 45. Be5 Bc1
46. Kh5 Kh7 47. Bd4 b3 48. Kh4 Kg6 0-1

[Event "East Detroit (MCO/2/41)"]
[Site "?"]
[Date "1985.??.??"]
[Round "?"]
[White "Golonka, Stan"]
[Black "Fleming, G.."]
[Result "0-1"]
[WhiteElo "1650"]
[BlackElo "1605"]
[PlyCount "78"]
[EventDate "1985.??.??"]

{2/(41)} 1. c4 e5 2. Nc3 c6 3. Nf3 d6 4. g3 Nf6 5. Bg2 d5 6. cxd5 e4 7. Nd4
cxd5 8. d3 exd3 9. Qxd3 h6 10. O-O Nc6 11. Nb3 Nb4 12. Qb5+ Bd7 13. Qa5 b6 14.
Qa3 a5 15. Nd4 Nc2 16. Qb3 Nxd4 17. Qd1 Ne6 18. Nxd5 Nxd5 19. Qxd5 Nc7 20. Qd4
Ra6 21. Bxh6 Rxh6 22. Rac1 Ne6 23. Qd3 b5 24. Rfd1 Rd6 25. Qe3 Rxd1+ 26. Rxd1
Bc5 27. Qe5 Qf6 28. Qd5 Qe7 29. Qa8+ Nd8 30. Qxa5 Rd6 31. Rc1 Bb6 32. Qc3 Rc6
33. Bxc6 Bxc6 34. Qxg7 Qxe2 35. Qh8+ Kd7 36. Qh3+ Ne6 37. Rf1 Qf3 38. Rd1+
Qxd1+ 39. Qf1 Qf3 0-1

[Event "East Detroit (MCO/4/48)"]
[Site "?"]
[Date "1985.??.??"]
[Round "?"]
[White "Golonka, Stan"]
[Black "Coates, J.."]
[Result "1-0"]
[WhiteElo "1650"]
[BlackElo "1605"]
[PlyCount "51"]
[EventDate "1985.??.??"]

{4/(48)} 1. e4 e5 2. f4 Nc6 3. Nf3 d6 4. Bc4 Bg4 5. h3 Bxf3 6. Qxf3 Nd4 7. Qd1
Qh4+ 8. g3 Qxg3+ 9. Kf1 Qxf4+ 10. Kg2 Qg5+ 11. Kh2 O-O-O 12. d3 Qf6 13. Rf1 Qg6
14. Bxf7 Nxc2 15. Qxc2 Qf6 16. Rxf6 gxf6 17. Nc3 Ne7 18. Be3 b6 19. Nb5 c6 20.
Rc1 Kb7 21. b4 a6 22. Nc3 d5 23. Nxd5 Rxd5 24. Bxd5 cxd5 25. Qc7+ Ka8 26. Qd8+
1-0

[Event "East Detroit (MCO/6/30)"]
[Site "?"]
[Date "1985.??.??"]
[Round "?"]
[White "Goldman, S.."]
[Black "Wlodarczyk, P.."]
[Result "1-0"]
[WhiteElo "1830"]
[BlackElo "1605"]
[PlyCount "81"]
[EventDate "1985.??.??"]

{6/(30)} 1. d4 Nf6 2. c4 e6 3. a3 d5 4. e3 Be7 5. Nf3 b6 6. Bd3 Bb7 7. O-O O-O
8. b3 c5 9. cxd5 Bxd5 10. Nc3 Bc6 11. Bb2 cxd4 12. Nxd4 Bb7 13. Rc1 Nbd7 14.
Qe2 a6 15. Bc4 Ra7 16. b4 Bd6 17. e4 Qb8 18. h3 h6 19. Rfd1 Nh7 20. Nxe6 Re8
21. Nd4 Ndf6 22. f3 Nh5 23. Nf5 Bf4 24. Rb1 g6 25. g4 gxf5 26. gxh5 fxe4 27.
fxe4 Ng5 28. Qg2 Be3+ 29. Kf1 Qf4+ 30. Ke2 b5 31. Bb3 Kf8 32. Rf1 Qh4 33. Kxe3
Bxe4 34. Nxe4 Rxe4+ 35. Kd3 Rd7+ 36. Kc2 Qxh5 37. Rbe1 Rxe1 38. Rxe1 Qg6+ 39.
Kc1 Qd3 40. Bc2 Rc7 41. Qa8+ 1-0

[Event "Westland (SEMO/3/7)"]
[Site "?"]
[Date "1985.??.??"]
[Round "?"]
[White "Goldman, S.."]
[Black "Shavalier, J.."]
[Result "0-1"]
[WhiteElo "1865"]
[BlackElo "2105"]
[PlyCount "90"]
[EventDate "1985.??.??"]

{3/(7)} 1. d4 e6 2. c4 f5 3. g3 Nf6 4. Bg2 Bb4+ 5. Nd2 O-O 6. a3 Bxd2+ 7. Bxd2
d6 8. Nf3 Nbd7 9. Qc2 Ne4 10. Be3 Qe8 11. Nd2 Nef6 12. h3 c6 13. O-O-O d5 14.
Bf4 Ne4 15. Nxe4 fxe4 16. f3 dxc4 17. Qxc4 Nb6 18. Qb3 Nd5 19. Bd6 exf3 20.
Bxf3 Rf7 21. e4 Qd8 22. e5 Qg5+ 23. Kb1 Qf5+ 24. Rd3 b6 25. Qc2 Ba6 26. Rb3
Qxc2+ 27. Kxc2 Bc4 28. Bxd5 Bxd5 29. Rh2 Bxb3+ 30. Kxb3 Rf3+ 31. Kc4 Rxg3 32.
a4 Rg1 33. Kb3 Rc8 34. Rc2 Rg3+ 35. Rc3 Rxc3+ 36. bxc3 Kf7 37. Kc2 Kg6 38. Be7
Kf5 39. Kd3 g5 40. Ke3 h5 41. Kf3 Rg8 42. h4 g4+ 43. Kg3 Ke4 44. Bb4 a5 45. Bd6
Rg7 0-1

[Event "Westland (SEMO/5/13)"]
[Site "?"]
[Date "1985.??.??"]
[Round "?"]
[White "Goldman, S.."]
[Black "Manion, Tom"]
[Result "0-1"]
[WhiteElo "1865"]
[BlackElo "1820"]
[PlyCount "112"]
[EventDate "1985.??.??"]

{5/(13)} 1. e4 e5 2. Nf3 Nf6 3. Nc3 Bb4 4. Bc4 d6 5. h3 Nc6 6. Ng5 O-O 7. d3 d5
8. exd5 Nxd5 9. Bxd5 Qxd5 10. O-O Bxc3 11. bxc3 h6 12. Ne4 f5 13. c4 Qe6 14.
Nd2 Qg6 15. Qf3 Kh8 16. c3 f4 17. Ba3 Rf5 18. Ne4 Rh5 19. Kh2 Bg4 20. Ng3 fxg3+
21. Qxg3 Bf5 22. Qxg6 Bxg6 23. Rad1 Rf5 24. Bc5 b6 25. Be3 Bf7 26. c5 Rf6 27.
Rd2 Ne7 28. c4 Nf5 29. Re1 Rd8 30. f4 Nxe3 31. fxe5 Nf1+ 32. Kg1 Nxd2 33. exf6
gxf6 34. Re7 Be8 35. Rxc7 Rd7 36. Rc8 Re7 37. c6 Kg7 38. Kf2 Kf7 39. g3 Nb1 40.
h4 Nc3 41. a3 Ne2 42. Rd8 Bxc6 43. d4 Nc3 44. d5 Ba4 45. Kf3 Rd7 46. Rc8 Nxd5
47. cxd5 Rxd5 48. Rc7+ Rd7 49. Rc3 Bd1+ 50. Ke4 Ke6 51. Rc6+ Rd6 52. Rc7 a6 53.
Ke3 Kf5 54. Ra7 a5 55. Rb7 h5 56. Rg7 b5 0-1

[Event "East Detroit (MCO/2/34)"]
[Site "?"]
[Date "1985.??.??"]
[Round "?"]
[White "Goldman, S.."]
[Black "Kulik, J.."]
[Result "1-0"]
[WhiteElo "1830"]
[BlackElo "1605"]
[PlyCount "101"]
[EventDate "1985.??.??"]

{2/(34)} 1. e4 e5 2. Nf3 f5 3. Nxe5 Nf6 4. exf5 d6 5. Nf3 Bxf5 6. Be2 Nbd7 7.
d4 d5 8. O-O Bd6 9. Nc3 O-O 10. Nb5 Be7 11. h3 c6 12. Nc3 Qc7 13. Bd3 Bxd3 14.
Qxd3 Rae8 15. Bd2 Bd6 16. Rae1 Nb6 17. b3 Qf7 18. Ne5 Qh5 19. Qf3 Qxf3 20. Nxf3
Ne4 21. Nxe4 dxe4 22. Ng5 Nd5 23. Rxe4 h6 24. Rfe1 Rxe4 25. Nxe4 Be7 26. c4 Nb4
27. Bxb4 Bxb4 28. Rd1 Ra8 29. f3 Kf7 30. d5 Rd8 31. Kf2 a6 32. Ke2 cxd5 33.
Rxd5 Rxd5 34. cxd5 Ke7 35. Kd3 Kd7 36. Kd4 Be7 37. Nc5+ Kc7 38. Ne4 Kd7 39. Ke5
Ba3 40. d6 b6 41. Kd5 a5 42. f4 Bc1 43. f5 Bb2 44. g4 Ba1 45. h4 Bb2 46. g5 Ba1
47. f6 gxf6 48. gxf6 Bb2 49. f7 Bg7 50. Nf6+ Kd8 51. Nh7 1-0

[Event "East Detroit (MCO/4/11)"]
[Site "?"]
[Date "1985.??.??"]
[Round "?"]
[White "Goldman, S.."]
[Black "Bohley, D.."]
[Result "0-1"]
[WhiteElo "1830"]
[BlackElo "2070"]
[PlyCount "42"]
[EventDate "1985.??.??"]

{4/(11)} 1. e4 e5 2. Nf3 Nc6 3. Bc4 Be7 4. O-O Nf6 5. Re1 O-O 6. c3 Nxe4 7.
Rxe4 d5 8. Re1 dxc4 9. Nxe5 Nxe5 10. Rxe5 Bd6 11. Re1 Qh4 12. g3 Qh3 13. Qf3
Bg4 14. Qg2 Rae8 15. Rf1 Qh5 16. h4 Be2 17. Re1 Bf3 18. Qf1 Bc6 19. Na3 Qf3 20.
Rxe8 Rxe8 21. Kh2 Re1 0-1

[Event "Westland (SEMO/5/3)"]
[Site "?"]
[Date "1985.??.??"]
[Round "?"]
[White "Gogel, D.."]
[Black "Rawley, L.."]
[Result "1-0"]
[WhiteElo "2420"]
[BlackElo "2220"]
[PlyCount "111"]
[EventDate "1985.??.??"]

{5/(3)} 1. Nf3 f5 2. b3 Nf6 3. Bb2 d6 4. Bxf6 gxf6 5. e3 e5 6. Nh4 Qe7 7. Qf3
e4 8. Qh5+ Qf7 9. Qxf7+ Kxf7 10. f4 Nc6 11. Nc3 Be6 12. g3 d5 13. Bh3 d4 14.
Nb5 Rd8 15. Nxd4 Nxd4 16. exd4 Rxd4 17. Bxf5 Bd5 18. Ke2 Bc5 19. Rhd1 Bc6 20.
c3 Bb5+ 21. Ke1 Rd6 22. b4 Bg1 23. c4 Ba4 24. Bxe4 Re8 25. d3 Bd4 26. Kf1 Bxa1
27. Rxa1 Bc2 28. Bxb7 Bxd3+ 29. Kg1 Be4 30. c5 Rd2 31. Ba6 Bd3 32. Nf3 Bxa6 33.
Nxd2 Re2 34. Nf3 Bb7 35. Nh4 Bd5 36. a4 Rb2 37. b5 Rc2 38. Rd1 Be6 39. f5 Bb3
40. Rd7+ Kg8 41. Rxc7 Bxa4 42. b6 axb6 43. cxb6 Rxc7 44. bxc7 Bd7 45. Kg2 Kf7
46. Kf3 Ke7 47. Kg4 Kf7 48. Nf3 Ke7 49. Nd4 Kd6 50. Nb5+ Kc6 51. c8=Q+ Bxc8 52.
Na7+ Kc7 53. Nxc8 Kxc8 54. Kh5 Kd7 55. Kh6 Kd6 56. Kxh7 1-0

[Event "Westland (SEMO/1a/1)"]
[Site "?"]
[Date "1985.??.??"]
[Round "?"]
[White "Gogel, D.."]
[Black "Kitts, Gary"]
[Result "1-0"]
[WhiteElo "2420"]
[BlackElo "2015"]
[PlyCount "125"]
[EventDate "1985.??.??"]

1. c4 Nf6 2. Nf3 g6 3. Nc3 d5 4. cxd5 Nxd5 5. g3 Bg7 6. Bg2 c5 7. h4 Nf6 8. d3
O-O 9. Be3 Qa5 10. Qc1 Nc6 11. Nd2 Nd4 12. Nc4 Qd8 13. Qd2 Ne6 14. h5 Nxh5 15.
Bh6 Rb8 16. g4 Nf6 17. Bxg7 Nxg7 18. g5 Nfh5 19. Ne5 Qd4 20. Nf3 Qf4 21. Nd5
Qd6 22. Nc3 b6 23. O-O-O Be6 24. e3 Rfd8 25. Qc2 Bf5 26. Ne4 Qe6 27. b3 Bxe4
28. dxe4 Qc6 29. Ne5 Qc7 30. Ng4 b5 31. Bf3 Qa5 32. Qb2 c4 33. Nh6+ Kf8 34. b4
Qa4 35. Rxd8+ Rxd8 36. Bd1 Qa6 37. Bxh5 gxh5 38. Rxh5 Qe6 39. Rh4 c3 40. Qb3
Qxb3 41. axb3 Ne6 42. Nf5 Nxg5 43. Nd4 a6 44. Kc2 Kg7 45. Kxc3 Rc8+ 46. Kd3 Rd8
47. Ke2 e6 48. e5 h6 49. Rg4 Kh8 50. Rh4 Kg7 51. Rh1 Rc8 52. Kd3 Rd8 53. Rg1
Kf8 54. Rg3 Rc8 55. f4 Rc3+ 56. Ke2 Ne4 57. Rg2 Rc7 58. Kd3 Nc3 59. e4 Nb1 60.
Rc2 Rxc2 61. Kxc2 Na3+ 62. Kb2 Kg7 63. f5 1-0

[Event "Westland (SEMO/3/1)"]
[Site "?"]
[Date "1985.??.??"]
[Round "?"]
[White "Gogel, D.."]
[Black "Finegold, Ben"]
[Result "0-1"]
[WhiteElo "2420"]
[BlackElo "2325"]
[PlyCount "66"]
[EventDate "1985.??.??"]

{3/(1)} 1. c4 e5 2. Nc3 d6 3. g3 Nc6 4. Bg2 f5 5. d3 Nf6 6. e3 g6 7. Nge2 Bg7
8. Rb1 a5 9. a3 O-O 10. b4 axb4 11. axb4 Rb8 12. b5 Ne7 13. b6 c6 14. Na4 g5
15. f4 gxf4 16. gxf4 Kh8 17. d4 Be6 18. dxe5 dxe5 19. Qxd8 Rfxd8 20. fxe5 Ng4
21. Ba3 Nc8 22. Bc5 Bxc4 23. Rf1 Nxe5 24. Rxf5 Be6 25. Rh5 Ba2 26. Be4 Bxb1 27.
Rxh7+ Kg8 28. Bxb1 Ra8 29. Nec3 Nd3+ 30. Bxd3 Rxd3 31. Rh4 Bxc3+ 32. Ke2 Rd2+
33. Kf3 Bf6 0-1

[Event "East Detroit (MCO/1/48)"]
[Site "?"]
[Date "1985.??.??"]
[Round "?"]
[White "Gipson, John"]
[Black "Small, R.."]
[Result "1-0"]
[WhiteElo "1930"]
[BlackElo "1605"]
[PlyCount "39"]
[EventDate "1985.??.??"]

{1/(48)} 1. c4 Nf6 2. Nf3 e6 3. d4 d5 4. Nc3 Bb4 5. Bd2 Bxc3 6. bxc3 h6 7. e3
c6 8. Bd3 Nbd7 9. O-O Qc7 10. Re1 e5 11. e4 O-O 12. Qc1 dxe4 13. Bxe4 Nxe4 14.
Rxe4 f5 15. Rh4 e4 16. Bxh6 exf3 17. Bxg7 Kxg7 18. Qg5+ Kf7 19. Rh7+ Ke6 20.
Qe7# 1-0

[Event "East Lansing (MI Op/7/8)"]
[Site "?"]
[Date "1985.??.??"]
[Round "?"]
[White "Gipson, John"]
[Black "Norcross, John"]
[Result "0-1"]
[WhiteElo "1920"]
[BlackElo "2065"]
[PlyCount "64"]
[EventDate "1985.??.??"]

{7/(8)} 1. b3 Nf6 2. Bb2 d5 3. e3 c5 4. c4 Nc6 5. Nf3 d4 6. exd4 cxd4 7. d3 e5
8. Nbd2 Bd6 9. Be2 O-O 10. O-O h6 11. a3 a5 12. Rc1 b6 13. Re1 Qc7 14. Nf1 Nd7
15. Ng3 Nc5 16. Nd2 f5 17. Qc2 Bb7 18. Bf3 Rae8 19. Bd5+ Kh8 20. Re2 Ne6 21.
Bxe6 Rxe6 22. Rce1 Ne7 23. f4 Ng6 24. Nh5 Rfe8 25. Bxd4 Bxa3 26. fxe5 Nxe5 27.
Nf4 Ng4 28. Rxe6 Rxe6 29. Rf1 Re2 30. Rf2 Rxf2 31. Bxf2 Qxf4 32. Nf1 Nxf2 0-1

[Event "East Lansing (MI Op/5/6)"]
[Site "?"]
[Date "1985.??.??"]
[Round "?"]
[White "Gipson, John"]
[Black "Laren, Philip"]
[Result "0-1"]
[WhiteElo "1920"]
[BlackElo "2150"]
[PlyCount "86"]
[EventDate "1985.??.??"]

{5/(6)} 1. c4 e6 2. Nc3 d5 3. d4 Nf6 4. e3 c5 5. Nf3 Nc6 6. Bd3 dxc4 7. Bxc4
cxd4 8. exd4 Be7 9. O-O O-O 10. h3 a6 11. Be3 b5 12. Bd3 Bb7 13. a3 Rc8 14. Rc1
b4 15. axb4 Nxb4 16. Bb1 Qa5 17. Ng5 Rfd8 18. Qe2 Nc6 19. Nce4 Nxe4 20. Nxe4
Nxd4 21. Bxd4 Rxc1 22. Rxc1 Rxd4 23. Qe3 Qd5 24. f3 Rd1+ 25. Kh2 Bd6+ 26. g3
Rxc1 27. Qxc1 Bb8 28. Qc3 Qd1 29. Qd3 Qxd3 30. Bxd3 a5 31. Kg2 Be5 32. Nc5 Bd5
33. b3 Bd4 34. Ne4 Bxb3 35. Kf1 a4 36. Nd2 Bd5 37. Nb1 Bxf3 38. Bb5 Bd1 39. Ke1
Bc2 40. Na3 Bb3 41. Kd2 Bc5 42. Nc4 a3 43. Kc3 a2 0-1

[Event "East Detroit (MCO/3/23)"]
[Site "?"]
[Date "1985.??.??"]
[Round "?"]
[White "Gipson, John"]
[Black "Hobbs, Raymond"]
[Result "1/2-1/2"]
[WhiteElo "1930"]
[BlackElo "1675"]
[PlyCount "57"]
[EventDate "1985.??.??"]

{3/(23)} 1. c4 e6 2. Nc3 f5 3. d4 Nf6 4. Nf3 d5 5. e3 c6 6. Bd3 Bd6 7. Bd2 O-O
8. Ne5 Ne4 9. O-O Nd7 10. f4 Nxd2 11. Qxd2 Rf6 12. Rf3 Rh6 13. Qf2 Nf6 14. Rh3
Rxh3 15. gxh3 Ne4 16. Nxe4 dxe4 17. Be2 Bd7 18. Kh1 Bxe5 19. dxe5 Be8 20. Rg1
Qe7 21. Qg3 Rd8 22. c5 b5 23. cxb6 axb6 24. Bc4 Rd7 25. Qg5 Kf8 26. Qxe7+ Rxe7
27. Rd1 Rd7 28. Rxd7 Bxd7 29. Kg2 1/2-1/2

[Event "East Lansing (MI Op/2/31)"]
[Site "?"]
[Date "1985.??.??"]
[Round "?"]
[White "Gipson, John"]
[Black "Haakonstad, Olaf"]
[Result "1-0"]
[WhiteElo "1920"]
[BlackElo "1755"]
[PlyCount "163"]
[EventDate "1985.??.??"]

{2/(31)} 1. c4 Nf6 2. d4 e6 3. Nc3 Bb4 4. Bd2 O-O 5. Nf3 d5 6. e3 c6 7. Bd3
Nbd7 8. O-O Be7 9. Re1 Re8 10. Qc2 Nf8 11. a3 dxc4 12. Bxc4 b6 13. Rad1 Qc7 14.
Bd3 Bd6 15. e4 e5 16. dxe5 Bxe5 17. Nxe5 Qxe5 18. f4 Qh5 19. Re3 Ng4 20. h3
Nxe3 21. Bxe3 Bb7 22. e5 Rad8 23. Ne4 c5 24. Ng3 Qh6 25. Re1 Qh4 26. Kh2 Ng6
27. Rf1 Qe7 28. Nf5 Qd7 29. Bc1 Qc6 30. Nd6 Rxd6 31. exd6 Qxd6 32. b3 Rd8 33.
Bc4 Qc6 34. a4 a6 35. Rf2 b5 36. axb5 axb5 37. Bf1 Rc8 38. Re2 c4 39. bxc4 bxc4
40. Qc3 Kf8 41. Bb2 f6 42. Ba3+ Kg8 43. Bc1 Qd6 44. Rf2 Bd5 45. g3 Qb6 46. Rd2
Qb3 47. Qd4 Qf3 48. Qxd5+ Qxd5 49. Rxd5 c3 50. Rd4 Ne7 51. Rc4 Kf7 52. Rxc8
Nxc8 53. Kg2 Nd6 54. Bd3 f5 55. Kf2 Ke6 56. Ke3 Kd5 57. Ba3 Nc4+ 58. Bxc4+ Kxc4
59. Bc1 h5 60. Kf3 Kd3 61. g4 Kc2 62. Ba3 Kb3 63. Bc5 Kc4 64. Be3 g6 65. gxf5
gxf5 66. Ke2 Kb3 67. Kd3 c2 68. Bc1 h4 69. Kd2 Kc4 70. Kxc2 Kd4 71. Kd2 Ke4 72.
Ke2 Kd5 73. Kd3 Ke6 74. Be3 Kf7 75. Bf2 Kg6 76. Bxh4 Kh5 77. Bg5 Kg6 78. Kd4
Kh5 79. Ke5 Kg6 80. h4 Kh5 81. Bd8 Kg4 82. h5 1-0

[Event "East Detroit (MCO/6/11)"]
[Site "?"]
[Date "1985.??.??"]
[Round "?"]
[White "Gipson, John"]
[Black "Bohley, D.."]
[Result "0-1"]
[WhiteElo "1930"]
[BlackElo "2070"]
[PlyCount "76"]
[EventDate "1985.??.??"]

{6/(11)} 1. c4 e6 2. g3 d5 3. Bg2 c5 4. Nf3 Nc6 5. O-O Nf6 6. a3 Be7 7. b3 O-O
8. d3 b6 9. Bb2 Bb7 10. Nc3 d4 11. Ne4 Qd7 12. Nfg5 Nxe4 13. Nxe4 Rad8 14. Qd2
h6 15. f4 f5 16. Nf2 Na5 17. Qc2 Bxg2 18. Kxg2 Nc6 19. h4 Qb7 20. Kg1 Rf6 21.
Nh3 Rg6 22. Kf2 Nb8 23. Rg1 Nd7 24. b4 Nf6 25. bxc5 Ng4+ 26. Ke1 bxc5 27. Bc1
Rb8 28. Qa4 Ne3 29. Ra2 Qb1 30. Qxa7 Re8 31. Qa4 Kf7 32. Kf2 Ng4+ 33. Kf3 Qxa2
34. h5 Nh2+ 35. Kf2 Ng4+ 36. Kf3 Rf6 37. Ng5+ hxg5 38. fxg5 Nh2+ $138 0-1

[Event "Westland (SEMO Res/5/24)"]
[Site "?"]
[Date "1985.??.??"]
[Round "?"]
[White "Gentry, S.."]
[Black "Vandenburg, V.E.."]
[Result "1-0"]
[WhiteElo "1695"]
[BlackElo "1605"]
[PlyCount "73"]
[EventDate "1985.??.??"]

{5/(24)} 1. e4 a6 2. Nf3 b5 3. d4 Bb7 4. Bd3 e6 5. O-O Nf6 6. Re1 c5 7. b3 cxd4
8. Nxd4 Bc5 9. Bb2 Qb6 10. e5 Nd5 11. Qg4 O-O 12. Qh4 f5 13. exf6 Nxf6 14. Nd2
h6 15. N4f3 d5 16. Bxf6 Rxf6 17. Re2 Nc6 18. c3 Raf8 19. Rf1 Be7 20. Qh3 Nd8
21. Ne5 Bc8 22. Ng6 Re8 23. Nxe7+ Rxe7 24. Bb1 e5 25. Qxc8 Ree6 26. b4 e4 27.
Qc5 Qxc5 28. bxc5 Nb7 29. Nb3 Rc6 30. Rd2 Rf5 31. Nd4 e3 32. Nxc6 Rf6 33. Rxd5
exf2+ 34. Rxf2 Rxc6 35. Be4 Rxc5 36. Rd7 Na5 37. Rd8# 1-0

[Event "Westland (SEMO Res/3/25)"]
[Site "?"]
[Date "1985.??.??"]
[Round "?"]
[White "Gentry, S.."]
[Black "Thomas, Jeff"]
[Result "1-0"]
[WhiteElo "1695"]
[BlackElo "1605"]
[PlyCount "163"]
[EventDate "1985.??.??"]

{3/(25)} 1. e4 e5 2. Nf3 Nf6 3. Nxe5 Qe7 4. d4 d6 5. Nf3 Nxe4 6. Be2 Bg4 7. O-O
Qd8 8. Re1 Be7 9. Bb5+ c6 10. Bxc6+ Nxc6 11. Rxe4 Bh5 12. d5 Bg6 13. Re1 O-O
14. dxc6 bxc6 15. Nc3 Bf6 16. Ne4 Bxe4 17. Rxe4 Re8 18. Rxe8+ Qxe8 19. Qxd6 Rd8
20. Qxd8 Qxd8 21. Be3 Bxb2 22. Re1 Ba3 23. Bxa7 Qa5 24. Bb8 Qd8 25. Bf4 Bb4 26.
Rb1 Bd6 27. Rd1 Qc7 28. Bxd6 Qd7 29. Re1 f6 30. Bb4 h6 31. a4 Qg4 32. Rb1 Qc4
33. Rb2 c5 34. Nd2 Qe2 35. Bc3 Qe1+ 36. Nf1 Qxc3 37. Rb8+ Kh7 38. h3 Qxc2 39.
a5 Qa4 40. Ra8 c4 41. Ne3 c3 42. Rc8 Qxa5 43. Rc4 g5 44. Kh2 f5 45. Nd1 Qe5+
46. g3 f4 47. Rxc3 fxg3+ 48. Rxg3 h5 49. Kg2 Qe4+ 50. f3 Qf4 51. Nf2 Kg6 52.
Ne4 Kf5 53. Rxg5+ Qxg5+ 54. Nxg5 Kxg5 55. Kf2 Kf4 56. h4 Kf5 57. Ke3 Ke5 58.
f4+ Kf5 59. Kf3 Kf6 60. Ke4 Ke6 61. f5+ Kf6 62. Kf4 Kf7 63. Kg5 Kg7 64. Kxh5
Kf6 65. Kg4 Kg7 66. Kg5 Kf7 67. h5 Kg7 68. h6+ Kf7 69. f6 Kg8 70. Kg6 Kh8 71.
Kf7 Kh7 72. Ke7 Kxh6 73. f7 Kg5 74. f8=Q Kg4 75. Ke6 Kg3 76. Ke5 Kg2 77. Ke4
Kg1 78. Ke3 Kg2 79. Qf3+ Kh2 80. Qg4 Kh1 81. Kf3 Kh2 82. Qg2# 1-0

[Event "Westland (SEMO Res/1b/17)"]
[Site "?"]
[Date "1985.??.??"]
[Round "?"]
[White "Gentry, S.."]
[Black "Luscumb, T.."]
[Result "1-0"]
[WhiteElo "1695"]
[BlackElo "1605"]
[PlyCount "89"]
[EventDate "1985.??.??"]

1. e4 c5 2. Nf3 e6 3. d4 Be7 4. c4 cxd4 5. Nxd4 Nc6 6. Be2 Nf6 7. Nc3 O-O 8.
O-O Qc7 9. Be3 a6 10. a3 Rd8 11. Rc1 b6 12. b4 Bb7 13. Qb3 Nxd4 14. Bxd4 Nxe4
15. Nxe4 Bxe4 16. Qe3 Bb7 17. Bxb6 Qc6 18. Bf3 Qc8 19. Bxd8 Bxd8 20. Bxb7 Qxb7
21. Rfd1 Bc7 22. c5 Bb8 23. Qd4 Qc7 24. h3 Qh2+ 25. Kf1 Qh1+ 26. Ke2 Qxg2 27.
Qg4 Qc6 28. Rc3 Be5 29. Rcd3 Qb5 30. Qe4 Rd8 31. Qxe5 a5 32. Qc7 Ra8 33. Qxd7
Qc4 34. Ke1 h6 35. Qb7 Ra6 36. Rd4 Qc3+ 37. Ke2 Qb2+ 38. Kf1 axb4 39. Rd8+ Kh7
40. Qxf7 bxa3 41. Qg8+ Kg6 42. R1d4 a2 43. Rg4+ Kh5 44. Qf7+ g6 45. Qxg6# 1-0

[Event "East Detroit (MCO/1/27)"]
[Site "?"]
[Date "1985.??.??"]
[Round "?"]
[White "Garwood, B.."]
[Black "Wheeler, R.."]
[Result "1-0"]
[WhiteElo "1955"]
[BlackElo "1605"]
[PlyCount "87"]
[EventDate "1985.??.??"]

{1/(27)} 1. e4 e5 2. Nf3 Nf6 3. Nxe5 d6 4. Nf3 Nxe4 5. d4 d5 6. Bd3 Be7 7. c4
c6 8. O-O O-O 9. Nc3 Bf5 10. Qc2 Qd7 11. Nxe4 dxe4 12. Bxe4 Bxe4 13. Qxe4 f6
14. Bf4 Na6 15. Rfe1 Rfe8 16. Qe6+ Qxe6 17. Rxe6 Bb4 18. Rxe8+ Rxe8 19. a3 Bf8
20. Kf1 Kf7 21. Re1 Rc8 22. Ke2 Nc7 23. Kd3 Ne6 24. Bd2 Rd8 25. Kc3 Bd6 26. g3
Bc7 27. Rd1 b6 28. Be3 Rd7 29. b4 Ke8 30. Nd2 a6 31. Ne4 c5 32. d5 cxb4+ 33.
axb4 a5 34. f4 axb4+ 35. Kxb4 Bd8 36. Ra1 Be7+ 37. Kb5 Nc7+ 38. Kc6 Bd8 39. d6
Ne6 40. Ra8 f5 41. Ng5 Nxg5 42. fxg5 g6 43. Bxb6 h5 44. gxh6 1-0

[Event "East Detroit (MCO/5/11)"]
[Site "?"]
[Date "1985.??.??"]
[Round "?"]
[White "Garwood, B.."]
[Black "Riggins, D.."]
[Result "1/2-1/2"]
[WhiteElo "1955"]
[BlackElo "2065"]
[PlyCount "156"]
[EventDate "1985.??.??"]

{5/(11)} 1. e4 Nf6 2. e5 Nd5 3. d4 d6 4. c4 Nb6 5. f4 g6 6. Nc3 Bg7 7. Nf3 dxe5
8. fxe5 Bg4 9. c5 Nc8 10. Bb5+ c6 11. Bc4 O-O 12. O-O b6 13. Ne4 bxc5 14. Nxc5
Bxf3 15. Rxf3 Bxe5 16. Be3 Bg7 17. Nb7 Qb6 18. Qb3 Qxb3 19. Bxb3 Na6 20. Rc1
Nb4 21. Na5 Nd6 22. Bf2 Nf5 23. a3 Nxd4 24. Bxd4 Bxd4+ 25. Kh1 Bxb2 26. Rcf1
Bxa3 27. Rxf7 Nd5 28. Nxc6 e6 29. Rxf8+ Bxf8 30. Nd4 Nc7 31. Nxe6 Nxe6 32.
Bxe6+ Kg7 33. Re1 a5 34. Bd7 Rd8 35. Rd1 Kf6 36. Kg1 Bc5+ 37. Kf1 Ke5 38. Ke2
Bd4 39. Bc6 Rc8 40. Bb7 Rc7 41. Rb1 a4 42. Rb5+ Bc5 43. Ra5 a3 44. Kd3 a2 45.
Ba6 Kf4 46. Rxa2 Bg1 47. Ra4+ Kg5 48. h3 h5 49. Bc4 Re7 50. Bd5 Rd7 51. Ke4
Re7+ 52. Kd3 Bh2 53. Bf3 Re6 54. Re4 Ra6 55. Rc4 Bf4 56. Bb7 Rd6+ 57. Rd4 Rb6
58. Bc8 Be5 59. Rc4 Rb3+ 60. Ke4 Bh2 61. Rc2 Bg3 62. Bd7 Re3+ 63. Kd5 Rd3+ 64.
Ke6 Bh2 65. Bc6 Rd6+ 66. Ke7 Rd4 67. Kf7 Rf4+ 68. Ke6 Rf6+ 69. Kd5 Kh4 70. Kd4
g5 71. Be4 Rd6+ 72. Bd5 Rf6 73. Ke3 Kg3 74. Bf3 Bg1+ 75. Ke4 Rf4+ 76. Kd5 Rxf3
77. gxf3 Kxh3 78. Ke4 Bh2 1/2-1/2

[Event "East Detroit (MCO/3/8)"]
[Site "?"]
[Date "1985.??.??"]
[Round "?"]
[White "Garwood, B.."]
[Black "Finegold, Ron"]
[Result "0-1"]
[WhiteElo "1955"]
[BlackElo "2095"]
[PlyCount "70"]
[EventDate "1985.??.??"]

{3/(8)} 1. e4 c5 2. Nc3 d6 3. g3 Nc6 4. Bg2 Rb8 5. Nge2 b5 6. d4 b4 7. Nd5 Ba6
8. dxc5 dxc5 9. Bf4 e5 10. Be3 Nf6 11. O-O Nxd5 12. exd5 Nd4 13. Bxd4 cxd4 14.
Re1 Be7 15. c3 dxc3 16. bxc3 O-O 17. Qa4 Qd6 18. Rac1 Bg5 19. Rc2 Bd3 20. Rb2
Bxe2 21. Rbxe2 bxc3 22. Qc6 Qa3 23. f4 exf4 24. Re8 Rbxe8 25. Qxe8 Rxe8 26.
Rxe8+ Qf8 27. Rxf8+ Kxf8 28. Be4 fxg3 29. hxg3 h5 30. Kf2 Ke7 31. Ke2 Kd6 32.
Kd3 Bd2 33. Bf3 g6 34. g4 hxg4 35. Bxg4 Kxd5 0-1

[Event "East Detroit (MCO/4/26)"]
[Site "?"]
[Date "1985.??.??"]
[Round "?"]
[White "Garth, K.."]
[Black "Szczypka, Tom"]
[Result "0-1"]
[WhiteElo "1655"]
[BlackElo "1920"]
[PlyCount "58"]
[EventDate "1985.??.??"]

{4/(26)} 1. c4 Nf6 2. Nf3 c5 3. d4 cxd4 4. Nxd4 g6 5. Nc3 Bg7 6. e4 Qa5 7. Bd2
Nxe4 8. Nxe4 Qe5 9. Bd3 f5 10. Nf3 Qxb2 11. Rb1 Qxa2 12. Nc3 Qa3 13. Qc2 O-O
14. Nb5 Qc5 15. Be3 Qc6 16. O-O e5 17. Ne1 a6 18. Nc3 e4 19. Be2 d6 20. Rb6 Qd7
21. Nd5 Nc6 22. Qa2 Kh8 23. f3 f4 24. Bxf4 Rxf4 25. Rxc6 Bd4+ 26. Kh1 Rh4 27.
Rc7 Qd8 28. fxe4 Rxh2+ 29. Kxh2 Qh4# 0-1